[Event "Girona-ch"]
[Site "Blanes"]
[Date "2015.??.??"]
[Round "4"]
[White "Mas Cazorla, Josep"]
[Black "Otones Lopez, Josep Maria"]
[Result "0-1"]
[WhiteElo "1599"]
[BlackElo "1861"]
[PlyCount "58"]
[EventDate "2015.09.27"]
[EventType "swiss"]
[EventRounds "9"]
[EventCountry "ESP"]
[SourceTitle "EXT 2017"]
[Source "ChessBase"]
[SourceDate "2016.10.25"]
[SourceVersion "1"]
[SourceVersionDate "2016.10.25"]
[SourceQuality "1"]

1. e4 c5 2. Nf3 e6 3. Nc3 Nc6 4. Bc4 d6 5. d4 cxd4 6. Nxd4 Nf6 7. Bb5 Bd7 8. Qd3 h6 9. Bf4 Nxd4 10. e5 dxe5 11. Bxe5 Nc6 12. Bxf6 Qxf6 13. Rd1 Rd8 14. 0-0 Be7 15. Rd2 0-0 16. Rfd1 Ne5 17. Qe4 Bxb5 18. Nxb5 Rxd2 19. Rxd2 a6 20. Nd4 Nc4 21. Re2 Rd8 22. c3 e5 23. Nf3 Rd1+ 24. Ne1 Bc5 25. g3 Nd2 26. Qxb7 Rxe1+ 27. Rxe1 Qxf2+ 28. Kh1 Qxe1+ 29. Kg2 Qf1# 0-1

[Event "Girona Territorial-ch"]
[Site "Girona"]
[Date "2013.09.22"]
[Round "1"]
[White "Triadu Cassa, Jordi"]
[Black "Otones Lopez, Josep Maria"]
[Result "1-0"]
[WhiteElo "2173"]
[BlackElo "1618"]
[PlyCount "89"]
[EventDate "2013.09.22"]
[EventType "swiss"]
[EventRounds "9"]
[EventCountry "ESP"]
[SourceTitle "EXT 2015"]
[Source "ChessBase"]
[SourceDate "2014.11.20"]
[SourceVersion "1"]
[SourceVersionDate "2014.11.20"]
[SourceQuality "1"]

1. e4 c5 2. Nf3 d6 3. d4 cxd4 4. Nxd4 Nc6 5. Nc3 Nf6 6. Bc4 e5 7. Nde2 h6 8. Be3 Be7 9. f3 0-0 10. Qd2 Nh7 11. 0-0-0 a6 12. Nd5 Bg5 13. g3 b5 14. Bb3 Na5 15. f4 Nxb3+ 16. axb3 Bf6 17. Nb6 Rb8 18. Nxc8 Rxc8 19. Qxd6 Qa5 20. Kb1 Rfd8 21. Bb6 Rxd6 22. Bxa5 Rdc6 23. c3 exf4 24. gxf4 Nf8 25. e5 Be7 26. Nd4 Rg6 27. Nf5 Re6 28. Rhg1 Ng6 29. Nd4 Nxf4 30. Nxe6 Nxe6 31. Rd7 Bg5 32. Bb4 Bf4 33. Rf1 g5 34. h3 Nd8 35. Rd6 Nc6 36. Rxh6 Bxe5 37. Rf5 Kg7 38. Rxc6 Rxc6 39. Rxe5 Kg6 40. Kc2 Kh5 41. Be7 Rg6 42. Kd3 Kh4 43. Rxg5 Rxg5 44. Ke4 f5+ 45. Kf4 1-0